Loreto College Library, Kolkata
WEBOPAC (ONLINE PUBLIC ACCESS CATALOGUE)

Katha prize stories (Record no. 4567)

MARC details
000 -LEADER
fixed length control field 00674nam a2200193Ia 4500
005 - DATE AND TIME OF LATEST TRANSACTION
control field 20230410144830.0
008 - FIXED-LENGTH DATA ELEMENTS--GENERAL INFORMATION
fixed length control field 131103s9999 xx 000 0 und d
020 ## - ISBN | অাই এস বি এন
ISBN | অাই এস বি এন 8185586004
PRICE Rs.65
040 ## - CATALOGING SOURCE
Original cataloging agency Loreto College
041 ## - LANGUAGE CODE
Language code English
082 ## - DDC | ডিউই
Classification number | বর্গসংখ্যা 823.8
Book Number | গ্রন্থাঙ্ক BHA
245 ## - TITLE STATEMENT | অাখ্যা বিবরণী
Title | অাখ্যা Katha prize stories
Sub title | উপঅাখ্যা the best short fiction published during 1987 - 1990 in ten Indian languages, chosen by a panel of distinguised writers and scholars
Statement of responsibility | লেখকের দায়িত্বের বিবরণ edited by Rimli Bhattacharya [and] Gita Dharmaranjan
260 ## - IMPRINT | প্রকাশনা ক্ষেত্র
Place of publication | প্রকাশ স্থান Calcutta
Name of publisher | প্রকাশকের নাম Rupa
Date of publication | প্রকাশ কাল 1991
300 ## - PHYSICAL DESCRIPTION |
Page / Vol. No | পৃষ্ঠা / খন্ড সংখ্যা 183 p.[9]
504 ## - BIBLIOGRAPHY, ETC. NOTE
Bibliography, etc Includes bibliographical references
700 ## - ADDED ENTRY--PERSONAL NAME | অতিরিক্ত সংলেখ - ব্
Personal name | ব্যাক্তিনাম Bhattacharya,Rimli,ed.
850 ## - HOLDING INSTITUTION
Holding institution LCLIB
942 ## - ADDED ENTRY ELEMENTS (KOHA)
Koha item type Books
Holdings
Withdrawn status Lost status Source of classification Damaged status Not for loan Home library Current library Date acquired Total Checkouts Full call number Accession No. Date last seen Date checked out Price effective from Koha item type Coded location qualifier
    Dewey Decimal Classification     Loreto College Loreto College 04/11/2013 1 823.08 BHA 40041 B4435 30/07/2018 30/07/2018 04/11/2013 Books